000 00647nam a2200241 i 4500
001 C2-0099693
003 PPAK
005 20180727094912.0
008 970526s1986 my a|||| ||||| | may d
020 _a9679520862
040 _aPPAK
_beng
_cPPAK
_erda
082 0 4 _a959.5
_223
090 0 0 _a959.5
_bTEE
_dK
100 1 _aTee, ping,
_eauthor
245 1 0 _aMuzium Negara
264 1 _aPetaling Jaya, Selangor :
_bKompas ,
_c1986
300 _a30 pages :
_billustrations ;
_c21 cm
336 _2rdacontent
_atext
337 _2rdamedia
_aunmediated
338 _2rdacarrier
_avolume
650 1 0 _aMuseum - Malaysia - History
942 _ddc
_cB
999 _c22357
_d22357